000 00312nam a2200133Ia 4500
008 191201s2005 xx 000 0 und d
082 _a502.8
_bDRH
100 _aDROMEY, R G
245 0 _aHow to Solve it By Computer
260 _aN.Delhi
_bPHI
_c2005
300 _a442
650 _aB.Tech(CSE)
942 _2ddc
_cBK
999 _c1325
_d1325